000 00794nam a2200253Ia 4500
003 OSt
005 20220923224636.0
006 a|||||r|||| 00| 0
007 ta
008 220922b |||||||| |||| 00| 0 hin d
024 _a248,530
037 _cTextual
040 _aARTS
_cARTS
_bhin
041 _2hin
_ahin
082 _aO152v, J3
100 _aवरदई, चंद
245 0 _aरेवातट
_b पृथ्वीराज रासो
246 _aRevātaṭa: pṛuthvīrāj rāso
260 _aलखनऊ
_b लखनऊ विश्वविद्यालय
_c1953
300 _a233पृ.
_ccm.
650 _aहिन्दी साहित्य
_9156264
942 _hO152v, J3
_cTEXL
_2CC
999 _c372698
_d372698